The King is coming / (Record no. 5982)

MARC details
000 -LEADER
fixed length control field 00612cam a2200229Ia 4500
001 - CONTROL NUMBER
control field 30855
003 - CONTROL NUMBER IDENTIFIER
control field GBCCL
005 - DATE AND TIME OF LATEST TRANSACTION
control field 20241126110553.0
008 - FIXED-LENGTH DATA ELEMENTS--GENERAL INFORMATION
fixed length control field 831108s19701979txu 000 0 eng d
035 ## - SYSTEM CONTROL NUMBER
System control number (OCoLC)10106414
040 ## - CATALOGING SOURCE
Original cataloging agency ICA
Transcribing agency ICA
Modifying agency FYB
049 ## -
-- LBBK
082 ## - DEWEY DECIMAL CLASSIFICATION NUMBER
Classification number 236.9
Item number DUN
100 1# - MAIN ENTRY--PERSONAL NAME
Personal name Duncan, Homer
9 (RLIN) 2974
245 14 - TITLE STATEMENT
Title The King is coming /
Statement of responsibility, etc. by Homer Duncan.
250 ## - EDITION STATEMENT
Edition statement 3rd enl. ed. 2nd printing
260 ## - PUBLICATION, DISTRIBUTION, ETC.
Place of publication, distribution, etc. Lubbock, Tex. :
Name of publisher, distributor, etc. Missionary Crusader,
Date of publication, distribution, etc. [197-]
300 ## - PHYSICAL DESCRIPTION
Extent 116 p. ;
Dimensions 17 cm.
650 #0 - SUBJECT ADDED ENTRY--TOPICAL TERM
Topical term or geographic name entry element Second Advent.
9 (RLIN) 458
650 #0 - SUBJECT ADDED ENTRY--TOPICAL TERM
Topical term or geographic name entry element End of the world.
9 (RLIN) 2039
942 ## - ADDED ENTRY ELEMENTS (KOHA)
Source of classification or shelving scheme Dewey Decimal Classification
Koha item type Books
Koha issues (borrowed), all copies 2
Holdings
Withdrawn status Lost status Source of classification or shelving scheme Damaged status Not for loan Home library Current Library Shelving location Date acquired Total checkouts Total renewals Full call number Barcode Date last seen Date last checked out Copy number Price effective from Koha item type
    Dewey Decimal Classification     GRACE BIBLE COLLEGE GRACE BIBLE COLLEGE Theology 2018-04-19 2 1 236.9 DUN 000684 2025-05-01 2023-08-11 c.1 2018-04-19 Books
© Grace Bible College Library 2025